|
|
|
|
| LEADER |
01254nam a2200289 a 4500 |
| 001 |
14441 |
| 003 |
BD-DhAAL |
| 005 |
20130827104228.0 |
| 008 |
130827t19991995enka 001 0 eng d |
| 010 |
|
|
|a 99071125
|
| 020 |
|
|
|a 1840460717
|
| 040 |
|
|
|a DLC
|c DLC
|d DLC
|d BD-DhAAL
|
| 050 |
0 |
0 |
|a PQ2063.S3
|b H66 1999
|
| 082 |
0 |
0 |
|a 843/.6
|2 21
|
| 100 |
1 |
|
|a Hood, Stuart.
|9 2799
|
| 245 |
1 |
0 |
|a Introducing Marquis de Sade /
|c Stuart Hood and Graham Crowley ; edited by Richard Appignanesi.
|
| 260 |
|
|
|a Duxford, Cambridge :
|b Icon Books ;
|a New York, NY :
|b Totem Books,
|c c1995, 1999.
|
| 300 |
|
|
|a 176 p. :
|b ill. ;
|c 21 cm.
|
| 500 |
|
|
|a Previously published in the UK in 1995 and Australia in 1996 under the title Marquis de sade for beginners.
|
| 541 |
|
|
|e 14441
|
| 600 |
1 |
0 |
|a Sade,
|c marquis de,
|d 1740-1814
|v Comic books, strips, etc.
|9 2800
|
| 700 |
1 |
|
|a Crowley, Graham,
|d 1950-
|9 2801
|
| 700 |
1 |
|
|a Appignanesi, Richard.
|9 2802
|
| 942 |
|
|
|2 ddc
|c BK
|
| 955 |
|
|
|a pn05 12-23-99; to HLCD pb04 05-26-00; lf11/dsc 08-14-00; lf07 11-02-00; lf29 11-07-00 to Dewey; aa11 12-13-00
|
| 999 |
|
|
|c 13892
|d 13892
|
| 952 |
|
|
|0 0
|1 0
|2 ddc
|4 0
|6 843_600000000000000_HOO
|7 0
|9 23244
|a BRACUL
|b BRACUL
|c GEN
|d 2013-08-27
|l 8
|m 24
|o 843.6 HOO
|p 3010014441
|r 2019-09-16
|s 2019-08-25
|t 1
|w 2013-08-27
|y BK
|